La incertidumbre democrática: ensayos sobre lo político

में बचाया:
ग्रंथसूची विवरण
मुख्य लेखक: Lefort, Claude (लेखक)
स्वरूप: पुस्तक
भाषा:स्पेनिश
प्रकाशित: Barcelona Anthropos 2004
संस्करण:1a. ed
श्रृंखला:Pensamiento Crítico - Pensamiento Utópico, 145
विषय:
टैग: टैग जोड़ें
कोई टैग नहीं, इस रिकॉर्ड को टैग करने वाले पहले व्यक्ति बनें!

MARC

LEADER 00000cam a2200000 a 4500
001 UCD8788
003 CL-VaPUC
008 170527e20040000sp |||||||||||||||||spa|d
020 |a 8476587104 
082 0 4 |a 320.01  |b LEF  |2 21 
100 |a Lefort, Claude  |e author  |9 530093 
245 1 3 |a La incertidumbre democrática: ensayos sobre lo político 
250 |a 1a. ed 
300 |a 281 p 
942 |c BK 
945 |d 20170527 00:32:00  |a dcastane 
260 |a Barcelona  |b Anthropos  |c 2004 
650 7 |a FILOSOFIA POLITICA  |2 CL-VaPUC  |9 592294 
650 0 |a Ensayos políticos  |9 468193 
583 |a last modification  |c 20170527 00:32:00  |k Rodrigo Vera 
490 0 |a Pensamiento Crítico - Pensamiento Utópico, 145 
999 |c 368097  |d 368095